Aj keď publikum bučí, treba to vydržať

Bibliographic Details
Other Authors: Dvořáková, Barbora (Interviewer)
Format: Article
Language:Slovak
PhysicalDescription:Fotogr.
ISSN:1335-440X
Subjects:

MARC

LEADER 00000nab a2200000 ar4500
001 vtls008955602
003 SK-MaSNL
005 20260303070349.0
008 070315c20060225xo dr|p|||||||000 b|slo
015 |a SNBRB2007/03  |2 snkbucl 
038 |a SNKBUCL 
040 |a SNKBUCL  |b slo  |c SNKBUCL  |e AACR2 
041 |a slo 
044 |a xo  |c SK 
080 |a 78.071.2:792.5  |2 2001 
100 1 |a Dvořáková, Barbora  |4 ivr  |9 845956 
245 1 0 |a Aj keď publikum bučí, treba to vydržať  |c Barbora Dvořáková, Eva Urbanová 
300 |b Fotogr. 
600 1 7 |a Urbanová, Eva,  |d 1961-  |2 snkbucl  |9 197402 
700 1 |a Urbanová, Eva,  |d 1961-  |4 ive  |9 197402 
773 0 |t Sme. Práca  |g Roč. 15, č. 47 (25.2.2006)  |x 1335-440X 
773 0 |i Príl.:  |t Víkend  |g Roč. VIII, č. 8 (25.2.2006), s. 27 
852 |a SNK  |b KIS3GCP 
958 |a BX 
999 |c 1755029  |d 1756959